000 00322 a2200109 4500
001 ART_11665
005 20260410161859.0
008 260409a
245 1 0 _aA note "Trying to value a life"
100 1 _aWilliams, Alan
773 0 _tJournal of public economics
_g- Vol. 12, NÂș 2 (oct. 1979)
_wREV11485
999 _c25716
_d25716